Les plans du réseau IDFM / RATP - Statistiques

Statistiques générales
  • Ce quiz a été pris 11 fois
  • Le résultat moyen est 3 sur 14
Statistiques - réponses
Secteur Plan % Correct
1 Île-de-France
80%
4 Hauts-de-Seine Sud
30%
10 A L'Est de Paris
20%
5 A L'Ouest de Paris
20%
7 Au Nord de Paris
20%
13 Au Sud de Paris
20%
2 (Paris ____ ____) Avec rues
20%
6 Hauts-de-Seine Nord
20%
11 Marne-La-Vallée
20%
12 Val-de-Marne
20%
14 Essonne Nord
10%
3 (Paris _______ _______) Lecture confort
10%
9 Seine-Saint-Denis Est
10%
8 Seine-Saint-Denis Ouest
10%
Aucun quiz correspondant
Distribution des résultats
% des personnes avec chaque résultat
Percentile par nombre de réponses
Votre historique - résultats
Vous n’avez pas pris ce quiz